DIRECTORY OF VENDOR INDUSTRIES AND CONSTRUCTIONS (Record no. 567407)
[ view plain ]
| 000 -LEADER | |
|---|---|
| fixed length control field | 00251nam a22000977a 4500 |
| 082 ## - DEWEY DECIMAL CLASSIFICATION NUMBER | |
| Classification number | 658.025 DIR'E |
| 245 ## - TITLE STATEMENT | |
| Title | DIRECTORY OF VENDOR INDUSTRIES AND CONSTRUCTIONS |
| 260 ## - PUBLICATION, DISTRIBUTION, ETC. | |
| Place of publication, distribution, etc. | ISLAMABAD |
| Name of publisher, distributor, etc. | MINISTRY OF PRODUCTION |
| Date of publication, distribution, etc. | 1990 |
| 300 ## - PHYSICAL DESCRIPTION | |
| Extent | VOL-1&2 |
| 942 ## - ADDED ENTRY ELEMENTS (KOHA) | |
| Koha item type | Book |
| Withdrawn status | Lost status | Damaged status | Not for loan | Permanent Location | Current Location | Shelving location | Date acquired | Total Checkouts | Full call number | Barcode | Date last seen | Price effective from | Koha item type |
|---|---|---|---|---|---|---|---|---|---|---|---|---|---|
| College of Electrical & Mechanical Engineering (CEME) | College of Electrical & Mechanical Engineering (CEME) | General Stacks | 07/12/2017 | 658.025 DIR'E | CEME-24881 | 06/28/2021 | 06/28/2021 | Book |
